000 00492nam a2200169Ia 4500
999 _c35451
_d35451
003 OSt
005 20201217112818.0
008 190216s9999||||xx |||||||||||||| ||und||
040 _coclc
082 _a491.43321
_bBAH/H
100 _aBahri, Hardev
_97620
245 0 _aHindi - English Dictionary /
_cHardev Bahri
260 _bRajpal & Sons,
_c1981.
_aDelhi:
300 _a758p
650 _aHindi Dictionary
942 _cREF
_2ddc
_h491.43321
_iBAH/H
_k491.43321
_mBAH/H